| 000 | 00555nam a2200181 a 4500 | ||
|---|---|---|---|
| 001 | 000028070 | ||
| 003 | DO-SdBNP | ||
| 005 | 20250206131451.0 | ||
| 008 | 110406s2005 dr 000 0 spa d | ||
| 040 |
_aDO-SdBNP _bspa _cBNPHU |
||
| 049 | _aBNPD | ||
| 082 |
_axxx _bI59p |
||
| 110 | 1 |
_a República Dominicana. _b Secretaría de Estado de Cultura. _96453 |
|
| 245 | 0 | 0 | _aInstructivo para el trámite de la correspondencia y archivo. |
| 260 |
_aSanto Domingo : _bSecretaría de Estado de Cultura, _c2005. |
||
| 300 |
_a26 p. ; _c23 cm. |
||
| 942 |
_2ddc _cLF2 |
||
| 999 |
_c27562 _d27562 |
||